An introduction to genetic analysis
This book consists of the following many parts such as: generals aspects of inheritance, genetic mapping, molecular genetics, generation of genetic variation, genes at the population level
Wedi'i Gadw mewn:
| Fformat: | Llyfr |
|---|---|
| Iaith: | Undetermined |
| Cyhoeddwyd: |
New York
W.H. Freeman
1996
|
| Pynciau: | |
| Tagiau: |
Ychwanegu Tag
Dim Tagiau, Byddwch y cyntaf i dagio'r cofnod hwn!
|
| Thư viện lưu trữ: | Trung tâm Học liệu Trường Đại học Cần Thơ |
|---|
| LEADER | 00778nam a2200217Ia 4500 | ||
|---|---|---|---|
| 001 | CTU_217308 | ||
| 008 | 210402s9999 xx 000 0 und d | ||
| 020 | |c 98 | ||
| 082 | |a 575.1 | ||
| 082 | |b I.61 | ||
| 245 | 3 | |a An introduction to genetic analysis | |
| 245 | 0 | |c Anthony J.F. Griffiths ... [et al.] | |
| 260 | |a New York | ||
| 260 | |b W.H. Freeman | ||
| 260 | |c 1996 | ||
| 520 | |a This book consists of the following many parts such as: generals aspects of inheritance, genetic mapping, molecular genetics, generation of genetic variation, genes at the population level | ||
| 526 | |a Di truyền phân tử nâng cao | ||
| 526 | |b CS904 | ||
| 650 | |a Genetics,Di truyền học | ||
| 904 | |i Nguyên | ||
| 980 | |a Trung tâm Học liệu Trường Đại học Cần Thơ | ||